Co působí na cenu ropy

Faktory, ktoré ovplyvńujú cenu najobchodovanejšej nefinančnej komodity. Cenový vývoj ropy. Počasie a sezónne výkyvy, ďalšie faktory. Budúci vývoj cien.

Salvato in:
Dettagli Bibliografici
Autore principale: Tyleček, Jiří
Natura: Capitolo di libro
Lingua:ceco
Soggetti:
Tags: Aggiungi Tag
Nessun Tag, puoi essere il primo ad aggiungerne!!

MARC

LEADER 00000naa$a2200000$$$4500
001 0115808
005 20230804111756.8
041 0 |a cze 
044 |a CZ 
245 1 0 |a Co působí na cenu ropy  |c Jiří Tyleček 
520 |a Faktory, ktoré ovplyvńujú cenu najobchodovanejšej nefinančnej komodity. Cenový vývoj ropy. Počasie a sezónne výkyvy, ďalšie faktory. Budúci vývoj cien. 
610 2 0 |a ropa 
610 2 0 |a ceny 
610 2 0 |a vývoj cenový 
100 1 |a Tyleček, Jiří